<?xml version="1.0" encoding="UTF-8"?>
<collection xmlns="http://www.loc.gov/MARC21/slim">
  <record>
    <leader>00000nam  2200000   4500</leader>
    <controlfield tag="001">INLIS000000000002082</controlfield>
    <controlfield tag="005">20180724144020</controlfield>
    <controlfield tag="008">180724|||||||||   |   |||   |||| ||   | </controlfield>
    <datafield tag="035" ind1=" " ind2=" ">
      <subfield code="0">010-0718002082</subfield>
    </datafield>
    <datafield tag="041" ind1=" " ind2=" ">
      <subfield code="a">id</subfield>
    </datafield>
    <datafield tag="082" ind1=" " ind2=" ">
      <subfield code="a">R.024 PIM I 2016</subfield>
    </datafield>
    <datafield tag="090" ind1=" " ind2=" ">
      <subfield code="a">R.024 PIM I 2016</subfield>
    </datafield>
    <datafield tag="100" ind1=" " ind2=" ">
      <subfield code="a">Subriyanto., Jaya</subfield>
    </datafield>
    <datafield tag="245" ind1=" " ind2=" ">
      <subfield code="a">Membangun Data Base Dokumen Sarpras Dan Aset Dalam Rangka Mendukung Penyelenggaraan  Tugas Kepolisian Daerah Riau</subfield>
    </datafield>
    <datafield tag="260" ind1=" " ind2=" ">
      <subfield code="a">Jakarta</subfield>
      <subfield code="b">LAN Jakarta</subfield>
      <subfield code="c">2016</subfield>
    </datafield>
    <datafield tag="300" ind1=" " ind2=" ">
      <subfield code="a">13 hlm., 30 cm</subfield>
    </datafield>
    <datafield tag="500" ind1=" " ind2=" ">
      <subfield code="a">Proyek Perubahan Database Dokumen Sarpras dan Aset Polda Riau yang dimaksud adalah membangun jaringan aplikasi yang terintegrasi di lingkungan Polda Riau. Dalam sistem ini pengelolaan Sarpras dan Aset sesuai diatur dalam Sprin Kapolda Riau diolah dan dikerjakan secara komputerisasi sehingga penanganan membangun database dokumen Sarpras dan asset dapat dikerjakan dengan cepat, tepat dan akurat.</subfield>
    </datafield>
    <datafield tag="650" ind1=" " ind2=" ">
      <subfield code="a">Membangun Database</subfield>
    </datafield>
  </record>
</collection>
